Normal view
MARC view
- Sumich, James.L
Entry Personal Name
001 - CONTROL NUMBER
- control field: 80184
003 - CONTROL NUMBER IDENTIFIER
- control field: NUST
005 - DATE AND TIME OF LATEST TRANSACTION
- control field: 20210628210619.0
008 - FIXED-LENGTH DATA ELEMENTS
- fixed length control field: 210628|| aca||aabn | a|a d
040 ## - CATALOGING SOURCE
- Original cataloging agency: NUST
- Transcribing agency: NUST
100 ## - HEADING--PERSONAL NAME
- Personal name: Sumich, James.L
670 ## - SOURCE DATA FOUND
- Source citation: Work cat.: (NUST): Sumich, James.L, An introduction to the biology of marine life, 1992
